| 000 | 01194nam a2200253 a 4500 | ||
|---|---|---|---|
| 001 | 000028348 | ||
| 003 | DO-SdBNP | ||
| 005 | 20250924073802.0 | ||
| 007 | ta | ||
| 008 | 110408s1992 dr b 000 0 spa d | ||
| 040 |
_aDO-SdBNP _bspa _cBNPHU |
||
| 049 | _aBNPD | ||
| 082 |
_axxxx _bR426d _222 |
||
| 110 | 1 |
_aRepública Dominicana. _bUniversidad Autónoma de Santo Domingo. _bFacultad de Ciencias. _bInstituto Geográfico Universitario _955321 |
|
| 245 | 1 | 0 | _aDatos sobre la extensión del territorio de la República Dominicana según las últimas revisiones realizadas en el Instituto Geográfico Universitario. |
| 260 |
_aSanto Domingo : _bEditora Universitaria-UASD, _c1992. |
||
| 300 |
_a39 p. : _bmapa ; _c20 cm. |
||
| 490 | 1 |
_aColección Publicaciones de la Universidad Autónoma de Santo Domingo _v688 |
|
| 490 | 1 |
_aSerie Ciencia y tecnólogia _v27 |
|
| 500 | _aBasadas en los mapas provinciales y mundiales a escala 1:50,000 del país y de acuerdo a la división política vigente al mes de mayo del año 1990 | ||
| 590 | _aInventariado, 2024/BT | ||
| 830 |
_aPublicaciones de la Universidad Autónoma de Santo Domingo _v688 _n27 _pSerie Ciencia y tecnólogia _952 |
||
| 942 |
_2ddc _cLF2 |
||
| 999 |
_c27840 _d27840 |
||